<?xml version="1.0" encoding="UTF-8"?><?xml-stylesheet type="text/xsl" href="static/style.xsl"?><OAI-PMH xmlns="http://www.openarchives.org/OAI/2.0/" xmlns:xsi="http://www.w3.org/2001/XMLSchema-instance" xsi:schemaLocation="http://www.openarchives.org/OAI/2.0/ http://www.openarchives.org/OAI/2.0/OAI-PMH.xsd"><responseDate>2026-04-27T22:05:03Z</responseDate><request verb="GetRecord" identifier="oai:uvadoc.uva.es:10324/32070" metadataPrefix="marc">https://uvadoc.uva.es/oai/request</request><GetRecord><record><header><identifier>oai:uvadoc.uva.es:10324/32070</identifier><datestamp>2021-06-24T02:56:12Z</datestamp><setSpec>com_10324_30605</setSpec><setSpec>com_10324_894</setSpec><setSpec>col_10324_41</setSpec></header><metadata><record xmlns="http://www.loc.gov/MARC21/slim" xmlns:doc="http://www.lyncode.com/xoai" xmlns:xsi="http://www.w3.org/2001/XMLSchema-instance" xmlns:dcterms="http://purl.org/dc/terms/" xsi:schemaLocation="http://www.loc.gov/MARC21/slim http://www.loc.gov/standards/marcxml/schema/MARC21slim.xsd">
<leader>00925njm 22002777a 4500</leader>
<datafield tag="042" ind1=" " ind2=" ">
<subfield code="a">dc</subfield>
</datafield>
<datafield tag="720" ind1=" " ind2=" ">
<subfield code="a">Álvarez Illera, María Pilar</subfield>
<subfield code="e">author</subfield>
</datafield>
<datafield tag="260" ind1=" " ind2=" ">
<subfield code="c">2018</subfield>
</datafield>
<datafield tag="520" ind1=" " ind2=" ">
<subfield code="a">La expresión de los sensores de Ca2 cameleon YC2.1 y YC3.60 en los Caenorhabditis elegans de los músculos de la faringe permite la medida de las dinámicas del calcio, tanto en citosol como en mitocondias, presente en estas células durante periodos largos de actividad faríngea.&#xd;
2- Las oscilaciones del calcio citosólico faríngeo presentan variabilidad, pero es posible distinguir dos tipos de picos en niveles de Ca2+: &#xd;
picos de onda cuadrada “ü”: prolongaciones elevadas de Ca2 que duran varios segundos o incluso minutos. Generalmente están presentes en gusanos jóvenes y desaparecen a medida que el gusano envejece.&#xd;
Picos en forma de espiga: picos pequeños de anchura inferior a 10 segundos. Están presentes durante toda la vida del gusano.&#xd;
3-La tasa de bombeo experimenta un descenso durante el envejecimiento del gusano debido a la sarcopenia. Sin embargo, hay una disociación entre las señales de calcio y la contracción muscular desarrollada con la edad.&#xd;
4- Los picos de onda cuadrada son debidos a la disminución de energía de las células faríngeas. &#xd;
Esta disminución enérgica detiene los bombeos de Ca2 e impide la extrusión de Ca2 desde el citosol. Los gusanos que experimentan picos de onda cuadrada largos se consideran, por tanto, exhaustos.&#xd;
Los picos de onda cuadrada y el agotamiento energético de los gusanos aparecen más en los gusanos jóvenes, a pesar de su mayor contenido energético. Esto puede deberse al gran uso de energía de los gusanos jóvenes, que podría saturar su tasa de producción energética.</subfield>
</datafield>
<datafield tag="024" ind2=" " ind1="8">
<subfield code="a">http://uvadoc.uva.es/handle/10324/32070</subfield>
</datafield>
<datafield tag="024" ind2=" " ind1="8">
<subfield code="a">b1796799</subfield>
</datafield>
<datafield tag="024" ind2=" " ind1="8">
<subfield code="a">10.35376/10324/32070</subfield>
</datafield>
<datafield ind1=" " ind2=" " tag="653">
<subfield code="a">Análisis clínicos</subfield>
</datafield>
<datafield ind1=" " ind2=" " tag="653">
<subfield code="a">Citología</subfield>
</datafield>
<datafield tag="245" ind1="0" ind2="0">
<subfield code="a">Calcium dynamics in "caenorhabditis elegans" pharynx</subfield>
</datafield>
</record></metadata></record></GetRecord></OAI-PMH>